| 000 | 00336nam a2200133Ia 4500 | ||
|---|---|---|---|
| 005 | 20260326235448.0 | ||
| 008 | 260326s9999||||xx |||||||||||||| ||und|| | ||
| 100 | _aCurt, Bruce | ||
| 245 | 4 |
_aThe Great House of New Orleans / _cBruce Curt |
|
| 260 | _bAlfred A. Knopf | ||
| 300 | _a205 p. | ||
| 650 | _aARQUITECTURA REGIONAL | ||
| 942 | _cBK | ||
| 999 |
_c7654 _d7654 |
||